| 000 | 01075cam a2200325 i 4500 | ||
|---|---|---|---|
| 001 | 200462495 | ||
| 003 | TR-AnTOB | ||
| 005 | 20260129085305.0 | ||
| 007 | ta | ||
| 008 | 010518s1999 tu 00000 aze | ||
| 020 | _a9751611288 | ||
| 040 |
_aTR-AnTOB _beng _erda _cTR-AnTOB |
||
| 041 | _atur | ||
| 050 | 1 | 4 |
_aPL229 _b.T8733 1999 |
| 090 |
_aPL229 _b.T8733 1999 |
||
| 100 | 1 | 0 |
_aTural, Sadık, _d1946- _934602 |
| 245 | 1 | 0 |
_aTarıkhtan dastanga akkan sezimtaldık / _cSadık Tural. |
| 246 | _aТарыхтан Дастанга Аккан Сезимталдык. | ||
| 264 | 1 |
_aAnkara : _bAtatürk Zhogorku Keneshi Atatürk Madaniiat Borboru Basmalary, _c1999. |
|
| 300 |
_a8,139 pages ; _c21 cm |
||
| 336 |
_atext _btxt _2rdacontent |
||
| 337 |
_aunmediated _bn _2rdamedia |
||
| 338 |
_avolume _bnc _2rdacarrier |
||
| 504 | _aIncludes bibliographical references. | ||
| 650 | 0 |
_aFolk literature, Turkish _xHistory and criticism _925239 |
|
| 650 | 0 |
_aKyrgyz literature _945834 |
|
| 653 | _aTurkish cultural studies | ||
| 942 |
_2lcc _cBK |
||
| 999 |
_c200462495 _d80707 |
||